书目信息 |
| 题名: |
生物化学
|
|
| 作者: | 王镜岩 主编 | |
| 分册: | 下册 | |
| 出版信息: | 北京 高等教育出版社 2002 |
|
| 页数: | 681页 | |
| 开本: | 28cm | |
| 丛书名: | ||
| 单 册: | ||
| 中图分类: | Q5 | |
| 科图分类: | ||
| 主题词: | 生物化学 | |
| 电子资源: | ||
| ISBN: | 7-04-011089-X | |
| 000 | 00597nam0 2200217 450 | |
| 001 | 0655214484 | |
| 005 | 20070620144313.45 | |
| 010 | @a7-04-011089-X@dCNY59.40 | |
| 100 | @a20060314d2002 km y0chiy0120 ea | |
| 101 | 0 | @achi |
| 102 | @aCN@b110000 | |
| 200 | 1 | @a生物化学@Asheng wu hua xue@h下册@f王镜岩等主编@Fwang jing yan deng zhu bian |
| 205 | @a3版 | |
| 210 | @a北京@c高等教育出版社@d2002 | |
| 215 | @a681页@d28cm | |
| 300 | @a面向21世纪课程教材 | |
| 606 | 0 | @a生物化学 |
| 690 | @aQ5@v4 | |
| 701 | 0 | @a王镜岩@Awang jing yan@4主编 |
| 801 | 0 | @aCN@bPFT@c20070620 |
| 905 | @a10447@dQ5@e104:2=3 | |
| 生物化学.下册/王镜岩等主编.-3版.-北京:高等教育出版社,2002 |
| 681页;28cm |
| 面向21世纪课程教材 |
| ISBN 7-04-011089-X:CNY59.40 |
| ● |
| 相关链接 |
|
|
|
|
正题名:生物化学
索取号:Q5/104:2=3
 
预约/预借
| 序号 | 登录号 | 条形码 | 馆藏地/架位号 | 状态 | 备注 |
| 1 | 0339963 | 203399633 | 第二样本阅览室/ [索取号:Q5/104:2=3] | 在馆 | |
| 2 | 0339964 | 203399642 | 第三借阅区/ [索取号:Q5/104:2=3] | 在馆 | |
| 3 | 0339965 | 203399651 | 第三借阅区/ [索取号:Q5/104:2=3] | 在馆 | |
| 4 | 0339966 | 203399660 | 第三借阅区/ [索取号:Q5/104:2=3] | 在馆 | |
| 5 | 0339967 | 203399679 | 第三借阅区/ [索取号:Q5/104:2=3] | 在馆 | |
| 6 | 0661739 | 206617393 | 第三借阅区/ [索取号:Q5/104:2=3] | 在馆 | |
| 7 | 0661740 | 206617400 | 第三借阅区/ [索取号:Q5/104:2=3] | 在馆 | |
| 8 | 0661741 | 206617419 | 第三借阅区/ [索取号:Q5/104:2=3] | 在馆 | |
| 9 | 0661742 | 206617428 | 第三借阅区/ [索取号:Q5/104:2=3] | 在馆 | |
| 10 | 0661743 | 206617437 | 第三借阅区/ [索取号:Q5/104:2=3] | 在馆 | |
| 11 | 0661744 | 206617446 | 第三借阅区/ [索取号:Q5/104:2=3] | 在馆 | |
| 12 | 0661745 | 206617455 | 第三借阅区/ [索取号:Q5/104:2=3] | 在馆 | |
| 13 | 0661746 | 206617464 | 第三借阅区/ [索取号:Q5/104:2=3] | 在馆 | |
| 14 | 0661747 | 206617473 | 第三借阅区/ [索取号:Q5/104:2=3] | 在馆 | |
| 15 | 0661748 | 206617482 | 第三借阅区/ [索取号:Q5/104:2=3] | 在馆 | |
| 16 | 0661749 | 206617491 | 第三借阅区/ [索取号:Q5/104:2=3] | 在馆 | |
| 17 | 0661750 | 206617507 | 第三借阅区/ [索取号:Q5/104:2=3] | 在馆 | |
| 18 | 0661751 | 206617516 | 第三借阅区/ [索取号:Q5/104:2=3] | 在馆 | |
| 19 | 0661752 | 206617525 | 第三借阅区/ [索取号:Q5/104:2=3] | 在馆 | |
| 20 | 0661753 | 206617534 | 第三借阅区/ [索取号:Q5/104:2=3] | 在馆 | |
| 21 | 0661754 | 206617543 | 第三借阅区/ [索取号:Q5/104:2=3] | 在馆 |